000 00836nam a2200253 4500
999 _c7077
_d7077
003 AR-CdUCM
008 190319b ||||| |||| 00| 0 spa d
040 _aMUNICIPALIDAD PROVINCIAL DEL CUSCO
_cBIBLIOTECA MUNICIPAL DEL CUSCO
041 _heng
082 _a574.192 /
_bJ27
100 _aJavillier, Maurice
_919927
245 _aLa Quimica de los seres vivientes /
260 _abarcelona :
_bOikos-tau,
_c1971.
300 _a125 paginas ;
_bIlustraciones, cuadros, trazos, dibujos,
_c17c cm.
505 _aContenido: Constituyentes quimicos -- celula viviente -- moleculas organicas
650 _aMoleculas
_919928
650 _aOrganicas
_919929
650 _aBioquimica
_919930
650 _aSeres vivientes
_919931
700 _aLavollay, Jean
_919932
700 _aCid, Felip
_919933
942 _2ddc
_cLIBROS
945 _apjha